Classical mechanics. (Record no. 89679)

MARC details
000 -LEADER
fixed length control field 00375nam a2200157Ia 4500
008 - FIXED-LENGTH DATA ELEMENTS--GENERAL INFORMATION
fixed length control field 210210b1970 xxu||||| |||| 00| 0 eng d
020 ## - INTERNATIONAL STANDARD BOOK NUMBER
International Standard Book Number 07 094144 0
082 ## - DEWEY DECIMAL CLASSIFICATION NUMBER
Classification number 531 KIBC
100 ## - MAIN ENTRY--PERSONAL NAME
Personal name KIBBLE (T W B).
245 ## - TITLE STATEMENT
Title Classical mechanics.
260 ## - PUBLICATION, DISTRIBUTION, ETC.
Place of publication, distribution, etc. London
Name of publisher, distributor, etc. E L B S
Date of publication, distribution, etc. 1970
300 ## - PHYSICAL DESCRIPTION
Extent xv,296
650 ## - SUBJECT ADDED ENTRY--TOPICAL TERM
Topical term or geographic name entry element Classical Mechanics
690 ## - LOCAL SUBJECT ADDED ENTRY--TOPICAL TERM (OCLC, RLIN)
Topical term or geographic name as entry element Mechanics
906 ## - LOCAL DATA ELEMENT F, LDF (RLIN)
a 039402
Holdings
Withdrawn status Lost status Damaged status Not for loan Collection code Home library Current library Shelving location Date acquired Cost, normal purchase price Total Checkouts Full call number Barcode Date last seen Price effective from Koha item type
          St Aloysius Library St Aloysius Library   02/17/2021 0.00   531 KIBC 039402 02/17/2021 02/17/2021 Book